000 00882nam a22002177a 4500
003 UA-OsUOA
001 21039
007 ta
008 20031112b un ||||| |||| 00| 0 ukr d
090 _a94(477).07
_bТ30
942 _cBK
040 _aUA-OsUOA
_bukr
_cUA-OsUOA
_dUA-OsUOA
245 _aТези доповідей наукової конференції присвяченої 25-річчю воз'єднання західноукраїнських земель з УРСР, "Народна культура областей України за роки радянської влади" (7-8 грудня 1964 р.)
_cРед. Ю. Г.Гошко П. М.Жолтовський С. А.Макарчук І. С.Павлюк
300 _a39 с.
955 _a0
041 _aukr
080 _a94(477).07
260 _aЛьвів
_c1964
044 _aUA
650 7 _2UDC
999 _c307231
_d307231